000 00756nam a22002297a 4500
005 20150220112824.0
008 140714b xxu||||| |||| 00| 0 Urdu d
010 _aUR-8645
020 q _c200..00
020 _c9789350733110
035 _aU-7200
037 _bDBAD/Pub.
040 _aDPL
_bUrdu
082 _a844
100 _aنا ظم الد ين منو ر
245 _aگل ا د ب :ا د بی مضا مين
_cنا ظم الد ين منو ر
246 _aGul-e- Adab (Adabi Mazameen)
_bBy Dr. Nazimuddin Munnawar
260 _aد ھلی
_bEducational Publishing House
_c2013
270 _a3108,Vakeel Street,Kucha Pandit,Lal Kuan
_b.Delhi
_e110006
300 _a121ص
_c22Cm (Hb)
942 _2ddc
_cUR
_e
_h844
_mن ا ظ
999 _c91656
_d91656